| 000 | 00495nam a22001817a 4500 | ||
|---|---|---|---|
| 005 | 20260107093810.0 | ||
| 008 | 260107b |||||||| |||| 00| 0 eng d | ||
| 020 |
_aRoutledge _qhbk |
||
| 041 | _aeng | ||
| 082 |
_a301 _bKIE |
||
| 100 | _aKiely, Ray | ||
| 245 |
_aThe Sociology Of Development: The Impasse And Beyond _cRay Kiely |
||
| 260 |
_aOxon _bRoutledge _c2006 |
||
| 300 |
_a195 p. _c22 cm. |
||
| 504 | _aindex | ||
| 650 | _aThird World Industrialization; Marxicism | ||
| 942 | _cENGLISH | ||
| 999 |
_c607402 _d607402 |
||